000 00427 a2200169 4500
001 61481
020 _a8572631739
040 _cAnchieta - Pituba
100 _aFonseca, Marcelo Monte Forte da
240 1 0 _aVestibulares resolvidos 99
_lpor
245 1 0 _aVestibulares resolvidos 99
300 _a122
362 0 _a1999
440 1 _aNúcleo
650 4 _a. Vestibulares / Exames de admissão em universidades
942 _cBK
999 _c61481
_d61481